Fisiología médica

Zapisane w:
Opis bibliograficzny
1. autor: Ganong, William Francis
Format: Książka
Język:hiszpański
Wydane: Ciudad de México El Manual Moderno 1994
Wydanie:Décimo cuarta edición
Hasła przedmiotowe:
Etykiety: Dodaj etykietę
Nie ma etykietki, Dołącz pierwszą etykiete!

MARC

LEADER 00000nam a2200000 a 4500
001 UCZ1245
003 CL-VaPUC
005 20241218114201.0
008 950817e19940000MX |||||||||||||||||spa|d
999 |c 238028  |d 238026 
040 |c Pontificia Universidad Católica de Valparaíso 
082 0 4 |a 612 GAN 1994  |2 21 
100 |a Ganong, William Francis  |9 574663 
245 1 0 |a Fisiología médica 
250 |a Décimo cuarta edición 
260 |a Ciudad de México  |b El Manual Moderno  |c 1994 
300 |a 921 páginas 
583 |a last modification  |c 20131003 04:15:20  |k Rodrigo Vera 
650 7 |a Fisiología medica  |x Fisiología celular   |2 CL-VaPUC  |9 344735 
650 0 |a Fisiología humana  |x Cuerpo humano  |9 266815 
650 0 |a Neurofisiología  |9 335883 
942 |c BK  |2 ddc 
945 |d 19950817 00:00:00  |a awong 
952 |0 0  |1 0  |2 ddc  |4 0  |6 612_000000000000000_GAN_1994  |7 0  |8 A  |9 247941  |a BIBCUR  |b BIBCUR  |d 2019-11-18  |i 3122271  |l 1  |o 612 GAN 1994  |p 3122271  |r 2025-04-22  |s 2024-05-22  |t 1  |w 2019-11-18  |y BK  |k BIO 
952 |0 0  |1 0  |2 ddc  |4 0  |6 612_000000000000000_GAN_1994  |7 0  |8 A  |9 247942  |a BIBCUR  |b BIBCUR  |d 2019-11-18  |i 312228K  |o 612 GAN 1994  |p 312228K  |r 2025-04-22  |t 2  |w 2019-11-18  |y BK  |k BIO 
952 |0 0  |1 0  |2 ddc  |4 0  |6 612_000000000000000_GAN_1994  |7 0  |8 A  |9 247943  |a BIBCUR  |b BIBCUR  |d 2019-11-18  |i 3122298  |o 612 GAN 1994  |p 3122298  |r 2025-04-22  |t 3  |w 2019-11-18  |y BK  |k BIO 
952 |0 0  |1 0  |2 ddc  |4 0  |6 612_000000000000000_GAN_1994  |7 0  |8 A  |9 247944  |a BIBCUR  |b BIBCUR  |d 2019-11-18  |i 3122301  |l 5  |o 612 GAN 1994  |p 3122301  |r 2025-04-22  |s 2024-05-22  |t 4  |w 2019-11-18  |y BK  |k BIO 
952 |0 0  |1 0  |2 ddc  |4 0  |6 612_000000000000000_GAN_1994  |7 0  |8 A  |9 247945  |a BIBCUR  |b BIBCUR  |d 2019-11-18  |i 312231K  |l 2  |o 612 GAN 1994  |p 312231K  |r 2025-04-22  |s 2024-05-08  |t 5  |w 2019-11-18  |y BK  |k BIO